| 000 | 01067cad a22002175a 4500 | ||
|---|---|---|---|
| 001 | L149754 | ||
| 008 | 100421u2010 xxk g 000 0 eng d | ||
| 020 | _a9781409822806 | ||
| 035 | _a(Sirsi) u149754 | ||
| 041 | 0 | _aeng | |
| 050 | _a333.33 $2 18 | ||
| 110 | 2 |
_aUnited Kingdom _bDepartment for Communities and Local Government _94939 |
|
| 245 | 0 | 0 |
_aMaking better use of energy performance certificates and data _bconsultation _h[electronic resource] |
| 260 |
_aLondon _bCrown Copyright _c2010 |
||
| 520 | _aTo improve the energy efficiency of buildings using Energy Performance Certificates (EPC) the Department for Communities and Local Government is launching a consultation between March 2010 to May 2010 to seek the views of everyone involved. | ||
| 590 | _aKA NTK | ||
| 651 | 4 |
_aEngland and Wales _y1543- |
|
| 690 | _aENVIRONMENTAL AND LAND CONSULTANCY-ENERGY-ENERGY USE-ENERGY EFFICIENCY | ||
| 856 | 4 | 0 |
_uhttps://www.communities.gov.uk/documents/planningandbuilding/pdf/1491167.pdf _zView the website free of charge at www.communities.gov.uk |
| 942 | _n0 | ||
| 999 |
_c120852 _d120852 |
||